Probability and statistics for engineers and scientists / (Record no. 36441)

MARC details
000 -LEADER
fixed length control field 00555nam a22001937a 4500
005 - DATE AND TIME OF LATEST TRANSACTION
control field 20240821140247.0
008 - FIXED-LENGTH DATA ELEMENTS--GENERAL INFORMATION
fixed length control field 240821b |||||||| |||| 00| 0 eng d
020 ## - INTERNATIONAL STANDARD BOOK NUMBER
ISBN 9789332519084
082 ## - DEWEY DECIMAL CLASSIFICATION NUMBER
Classification number 519.024
Item number WAL-P
100 ## - MAIN ENTRY--AUTHOR
Author Name Walpole, Ronald E.
245 ## - TITLE STATEMENT
Title Probability and statistics for engineers and scientists /
Statement of responsibility, etc. Raymond H.Myers, Sharon, L. Myers
250 ## - EDITION STATEMENT
Edition statement 9h ed.
260 ## - PUBLICATION, DISTRIBUTION, ETC.
Place of Publication India:
Name of publisher, distributor, etc. pearson;
Date of publication, distribution, etc. 2017.
300 ## - PHYSICAL DESCRIPTION
Pages 856 p. :
500 ## - GENERAL NOTE
General note includ index.
650 ## - SUBJECT ADDED ENTRY--TOPICAL TERM
Subject / Department Mathematics
700 ## - ADDED ENTRY--PERSONAL NAME
Personal name raymond H.Myer
300 ## - PHYSICAL DESCRIPTION
-- ill;
-- 27 cm.
952 ## - LOCATION AND ITEM INFORMATION (KOHA)
-- 0
-- 0
Holdings
Lost status Damaged status Collection code Permanent Location Current Location Shelving Location Date acquired Full Call Number Accession No./Barcode Date last seen item type Koha item type
    CS/IT Superior Information Resource Center (SIRC) Superior University- Gold Campus Superior Information Resource Center (SIRC) Superior University- Main Campus Mathematics 08/21/2024 519.024 WAL-P 2017 9490 07/28/2025 BOOK BOOK

Powered by Koha